LEADER 00902cam1 22002533 450 001 SOB021759 005 20160725131731.0 100 $a20040211d2002 |||||ita|0103 ba 101 $afre 102 $aFR 200 1 $aCampus 1$fJacky Girardet, Jacques Pécheuer 210 $aTours$cCLE International/VUEF$d2002 215 $av.$cill.$d28 cm 463 1$1001SOBE00053190$12000 $aLivre du professor / Jacky Girardet, Jacques Pécheuer 463 1$1001SOBE00053191$12000 $aLivre de l'éleve / Jacky Girardet, Jacques Pécheuer 463 1$1001SOBE00053192$12000 $aCahier d'exercices / Jacky Girardet, Jacques Pécheuer 700 1$aGirardet$b, Jacky$3AF00013397$4070$0148689 701 1$aPECHEUR, Jacques$3AF00023450$4070$0558009 801 0$aIT$bUNISOB$c20160725$gRICA 912 $aSOB021759 940 $aM 102 Monografia moderna SBN 941 $aM 996 $aCampus 1$9932445 997 $aUNISOB LEADER 01412nam 2200337z- 450 001 9910689470703321 005 20161209100127.0 035 $a(CKB)5860000000018925 035 $a(BIP)007972807 035 $a(EXLCZ)995860000000018925 100 $a20220406c2001uuuu -u- - 101 0 $aeng 200 10$aCFTC report entitled "A new regulatory framework" $ehearing before the Committee on Agriculture, Nutrition, and Forestry, United States Senate, Subcommittee on Research, Nutrition and General Legislation, One Hundred Sixth Congress, second session on CFTC report entitled "A new regulatory framework", March 20, 2000 215 $a1 online resource (iv, 108 p.) 311 $a0-16-064973-0 517 $aCFTC report entitled A new regulatory framework 606 $aDerivative securities$xLaw and legislation$zUnited States 606 $aCommodity exchanges$xLaw and legislation$zUnited States 606 $aCommodity futures$zUnited States 610 $aCommodity futures 610 $aDerivative securities 610 $aCommodity exchanges 610 $aUnited States 610 $aBusiness & economics 615 0$aDerivative securities$xLaw and legislation 615 0$aCommodity exchanges$xLaw and legislation 615 0$aCommodity futures 906 $aBOOK 912 $a9910689470703321 996 $aCFTC report entitled "A new regulatory framework"$93207855 997 $aUNINA